[Event "Challenge"]
[Site "http://www.queenalice.com/game.php?id=1196476"]
[Date "2013.7.3"]
[Round "-"]
[White "dejami"]
[Black "marllonz"]
[Result "0-1"]
[WhiteElo "1733"]
[BlackElo "1093"]

1. e4 e5 2. d4 Qe7 3. d5 Nf6 4. f3 Qb4+ 5. c3 Qa5 6. b4 Qb6 7. c4 Qxb4+ 8. Bd2
Qb2 9. Nc3 Na6 10. Na4 Qa3 11. Ne2 Qd3 12. Nb2 Qa3 13. Na4 Nb4 14. Nc1 a6 15.
Nc3 Qa5 16. Nb3 Qb6 17. Na4 Qd6 18. Nbc5 b6 19. Bxb4 a5 20. Ba3 bxc5 21. Bxc5
Qa6 22. Be3 Bb4+ 23. Kf2 Rb8 24. c5 Qa7 25. c6 Qa8 26. Rc1 O-O 27. Nb2 Kh8 28.
a4 Rg8 29. cxd7 Bxd7 30. Rxc7 Rbd8 31. Nc4 Qb8 32. Nxe5 Rgf8 33. d6 Ba3 34. Bc4
Qb2+ 35. Bd2 Qxe5 36. Bxa5 Qxa5 37. Bb3 Qb6+ 38. Ke2 Bxd6 39. Rc1 Qa6+ 40. Kf2
g5 41. Qd4 Be7 42. e5 Be6 43. Qe3 Rd3 44. Qe2 Nd7 0-1

[Event "Challenge"]
[Site "http://www.queenalice.com/game.php?id=1217807"]
[Date "2013.9.18"]
[Round "-"]
[White "marllonz"]
[Black "shady66"]
[Result "0-1"]
[WhiteElo "1093"]
[BlackElo "1683"]

1. d4 d5 2. e3 a6 3. g3 Nf6 4. Bg2 Bg4 5. f3 Bh5 6. c3 h6 7. Bh3 e6 8. Ne2 Bd6
9. Rg1 Nbd7 10. a4 Bxf3 11. Ra3 Bxa3 12. Nxa3 c6 13. Qb3 b6 14. g4 Bxe2 15. Kxe2
Ne4 16. c4 Qh4 17. Bf1 Qxh2+ 18. Ke1 Qxg1 19. c5 Qf2+ 20. Kd1 Qxf1+ 21. Kc2 Qe2+
22. Kb1 b5 23. Qb4 O-O 24. Qa5 Rfc8 25. Nc2 Qxg4 26. Nb4 Qd1 27. Nxa6 h5 28.
axb5 cxb5 29. Qxb5 Nd2+ 30. Ka2 Qxc1 31. Ka3 Nc4+ 32. Ka4 Qa1+ 33. Kb4 Qxb2+ 34.
Ka4 Qa3# 0-1

[Event "Challenge"]
[Site "http://www.queenalice.com/game.php?id=1217809"]
[Date "2013.9.18"]
[Round "-"]
[White "Rider"]
[Black "marllonz"]
[Result "1-0"]
[WhiteElo "1526"]
[BlackElo "1093"]

1. e4 e5 2. d4 Qe7 3. d5 Qb4+ 4. c3 Qxe4+ 5. Ne2 Nf6 6. Be3 Qxd5 7. Nd2 h5 8.
Bg5 Bc5 9. Bxf6 gxf6 10. c4 Qc6 11. f3 Qb6 12. Ne4 Bb4+ 13. N2c3 O-O 14. Qd3 Re8
15. O-O-O a5 16. Ne2 a4 17. Rg1 Bc5 18. Nxc5 Qxc5 19. h3 a3 20. b3 Na6 21. Nc3
Qxg1 22. Nd5 Re6 23. Qe2 c6 24. g4 Qg3 25. b4 Rb8 26. gxh5 Qh4 27. Qg2+ Kf8 28.
Qg4 Qf2 29. Qg2 Qc5 30. bxc5 cxd5 31. cxd5 Re8 32. Bc4 b5 33. Bb3 Nxc5 34. Bc2
Bb7 35. d6 b4 36. Bh7 e4 37. Qg8# 1-0

[Event "Challenge"]
[Site "http://www.queenalice.com/game.php?id=1221062"]
[Date "2013.9.30"]
[Round "-"]
[White "shady66"]
[Black "marllonz"]
[Result "0-1"]
[WhiteElo "1743"]
[BlackElo "1093"]

1. e4 e5 2. c4 c6 3. Nf3 Qa5 4. Nc3 Bc5 5. a3 d6 6. h3 Bb6 7. d3 Qc5 8. Be3 Qa5
9. b4 Qa6 10. Qd2 Nf6 11. a4 Bxe3 12. Qxe3 Qb6 13. Qxb6 axb6 14. Be2 Na6 15. Rb1
h6 16. O-O g5 17. Nh2 Rg8 18. g4 Bd7 19. f3 Rh8 20. Rf2 O-O-O 21. Nf1 Rdf8 22.
Ne3 Kc7 23. Nf5 h5 24. Rh2 Rfg8 25. Ne7 Re8 26. Nf5 Bxf5 27. exf5 Reg8 28. Kg2
Ra8 29. Rhh1 Kd7 30. Bd1 c5 31. b5 Nb4 32. Be2 Ke7 33. Kf2 d5 34. Ra1 Kd7 35.
Rhc1 hxg4 36. Nxd5 Nfxd5 37. cxd5 Rxh3 38. fxg4 Nxd5 39. Rh1 Nf4 40. Rxh3 Nxh3+
41. Kf3 Nf4 42. Bf1 Nd5 43. Ke4 Kd6 44. Ra3 f6 45. Be2 Nb4 46. Bd1 Rd8 47. Bf3
Kc7 48. Ke3 Nc2+ 49. Kd2 Nxa3 50. Be4 Rd4 51. Kc3 Rxa4 52. Kb3 Ra5 53. Bd5 Nxb5
54. Be4 Nd4+ 55. Kc4 Ra4+ 56. Kc3 b5 57. Bd5 Ne2+ 58. Kd2 Rd4 59. Bf3 Nf4 60.
Be4 b4 61. Kc2 c4 0-1

[Event "Challenge"]
[Site "http://www.queenalice.com/game.php?id=1222625"]
[Date "2013.10.6"]
[Round "-"]
[White "hba111"]
[Black "marllonz"]
[Result "1-0"]
[WhiteElo "2817"]
[BlackElo "1093"]

1. e4 e5 2. Nf3 d5 3. exd5 Qxd5 4. Nc3 Qc5 5. d4 Qe7 6. dxe5 Bg4 7. Bg5 f6 8.
Nd5 Qd7 9. exf6 Qe6+ 10. Qe2 Kd7 11. Ne5+ Kd6 12. f3 gxf6 13. O-O-O fxe5 14.
Nf4+ Kc6 15. Qb5# 1-0

[Event "Challenge"]
[Site "http://www.queenalice.com/game.php?id=1224886"]
[Date "2013.10.15"]
[Round "-"]
[White "hba111"]
[Black "marllonz"]
[Result "1-0"]
[WhiteElo "2839"]
[BlackElo "1093"]

1. d4 e6 2. c4 Bb4+ 3. Nc3 Qf6 4. Nf3 b6 5. e4 Qe7 6. Bd3 Nh6 7. O-O Rg8 8. Nb5
Kd8 9. a3 Bd6 10. e5 Bc5 11. Be4 c6 12. dxc5 cxb5 13. cxb6 Nc6 14. Bxc6 Rb8 15.
bxa7 Rb6 16. a8=Q Rxc6 17. Qxc6 g5 18. Qd4 g4 19. Qdb6+ Ke8 20. Qxc8+ Qd8 21.
Qcxd8# 1-0

[Event "Challenge"]
[Site "http://www.queenalice.com/game.php?id=1224887"]
[Date "2013.10.15"]
[Round "-"]
[White "marllonz"]
[Black "hba111"]
[Result "0-1"]
[WhiteElo "1093"]
[BlackElo "2832"]

1. e4 c5 2. Be2 Nc6 3. Bh5 Nf6 4. Bg4 Nxg4 5. Qxg4 d5 6. Qf4 e5 7. Qg3 dxe4 8.
Ne2 f5 9. O-O Be6 10. Rd1 f4 11. Qa3 c4 12. Qa4 a6 13. c3 Bc5 14. d4 exd3 15.
Re1 Bxf2+ 16. Kxf2 Qh4+ 17. g3 Qxh2+ 18. Kf3 Bd5+ 19. Kg4 h5+ 20. Kf5 Qh3+ 21.
Kg6 Qg4# 0-1

[Event "Challenge"]
[Site "http://www.queenalice.com/game.php?id=1228181"]
[Date "2013.10.29"]
[Round "-"]
[White "adriana_p"]
[Black "marllonz"]
[Result "0-1"]
[WhiteElo "1540"]
[BlackElo "1093"]

1. e4 e6 2. Qf3 c6 3. Bc4 b5 4. Bb3 Na6 5. d4 Nb4 6. h4 a5 7. a4 Ba6 8. Ne2 Rc8
9. axb5 cxb5 10. Na3 Rc7 11. g4 Qc8 12. c3 Nc6 13. Bf4 Rb7 14. h5 b4 15. cxb4
axb4 16. Nc4 Qa8 17. Bd6 Ra7 18. Bxf8 Bxc4 19. Rxa7 Qxa7 20. Bxc4 Qa1+ 21. Nc1
Qxc1+ 22. Qd1 Qxc4 23. Bd6 Nf6 24. Qe2 Qxd4 25. Bf4 O-O 26. O-O Ra8 27. b3 Qc3
28. Qe3 Nxg4 29. Qxc3 bxc3 30. Rc1 Nf6 31. Rxc3 Nxh5 32. Bd6 Ra1+ 33. Kg2 Rb1
34. f4 Nf6 35. e5 Ne4 36. Re3 Nd2 37. b4 Nc4 38. Rd3 h6 39. Bc5 d5 40. exd6 Ra1
41. d7 Ra8 42. b5 Nd8 43. b6 Rb8 0-1

[Event "Challenge"]
[Site "http://www.queenalice.com/game.php?id=1228183"]
[Date "2013.10.29"]
[Round "-"]
[White "marllonz"]
[Black "adriana_p"]
[Result "1/2-1/2"]
[WhiteElo "1123"]
[BlackElo "1510"]

1. e4 e5 2. g4 Bc5 3. b3 Qf6 4. f3 d6 5. Nc3 Bxg4 6. Nd5 Qh4+ 7. Ke2 Qf2+ 8. Kd3
Qd4+ 9. Ke2 Bxf3+ 10. Kxf3 Qf2+ 11. Kg4 Nf6+ 12. Kh3 Nxd5 13. exd5 Qf5+ 14. Qg4
Qxg4+ 15. Kxg4 O-O 16. Nf3 f5+ 17. Kg3 f4+ 18. Kh3 Nd7 19. Ng5 Bd4 20. c3 Bb6
21. Ne6 Rf6 22. Bb5 Nc5 23. Rg1 Nxe6 24. Rf1 Ng5+ 25. Kg4 Ne4 26. Re1 Nf2+ 27.
Kf3 h5 28. Rf1 Nh3 29. Kg2 Ng1 30. Bb2 Ne2 31. Rae1 f3+ 32. Rxf3 Rxf3 33. Kxf3
Ng1+ 34. Kg2 a6 35. Bc4 g5 36. d4 exd4 37. cxd4 a5 38. Rxg1 g4 39. h3 gxh3+ 40.
Kxh3+ Kh7 41. Rg5 Kh6 42. Kh4 Rf8 43. Bd3 Rf4+ 44. Kg3 Kxg5 45. Bc1 h4+ 46. Kh2
Bxd4 47. Bxf4+ Kxf4 1/2-1/2

[Event "Challenge"]
[Site "http://www.queenalice.com/game.php?id=1230059"]
[Date "2013.11.5"]
[Round "-"]
[White "Rider"]
[Black "marllonz"]
[Result "0-1"]
[WhiteElo "1590"]
[BlackElo "1093"]

1. d4 d5 2. Nf3 Nc6 3. c3 e6 4. Bg5 Qd6 5. g3 b5 6. e3 b4 7. cxb4 Nxb4 8. a3 Nc6
9. Bf4 Qe7 10. Qc2 Bd7 11. Bxc7 Qf6 12. Bg2 a5 13. a4 Rc8 14. Be5 Qe7 15. O-O
Nb4 16. Qb3 Nc2 17. Ra2 f6 18. Bb8 Qb4 19. Qxb4 Nxb4 20. Ra3 Rxb8 21. Nc3 Nd3
22. Rb1 Nxb2 23. Ra2 Rc8 24. Ne2 Nxa4 25. Rb7 Bb4 26. Bf1 h5 27. Nh4 Ne7 28. Nf4
g5 29. Nfg6 Rg8 30. Nxe7 Kxe7 31. Rxa4 gxh4 32. Bb5 Rgd8 33. Bxd7 Rxd7 34. Rb6
e5 35. dxe5 fxe5 36. Rh6 d4 37. Rxh5 d3 38. Rxe5+ Kd8 39. Ra1 hxg3 40. hxg3 d2
41. Kg2 Rc1 42. Rxc1 dxc1=Q 43. Rh5 Rf7 44. Rh8+ Ke7 45. Rh1 Qd2 46. Rf1 a4 47.
g4 Rg7 48. Kg3 Qe2 49. Rb1 Qxg4+ 50. Kh2 Rh7# 0-1

[Event "Desafio ao Marllon"]
[Site "http://www.queenalice.com/game.php?id=1230062"]
[Date "2013.11.5"]
[Round "-"]
[White "hba111"]
[Black "marllonz"]
[Result "1-0"]
[WhiteElo "2861"]
[BlackElo "1093"]

1. e4 e5 2. Nf3 Nc6 3. Bc4 Nge7 4. d4 f6 5. dxe5 Nxe5 6. Nxe5 fxe5 7. Bg5 b6 8.
Qh5+ g6 9. Qf3 d6 10. Qf7+ Kd7 11. Be6+ Kc6 12. Bd5+ Kc5 13. b4+ Kb5 14. Na3+
Kxb4 15. Bd2+ Kxa3 16. Qf3+ Kb2 17. Qc3# 1-0

[Event "Desafio ao Marllon 2"]
[Site "http://www.queenalice.com/game.php?id=1230063"]
[Date "2013.11.5"]
[Round "-"]
[White "marllonz"]
[Black "hba111"]
[Result "0-1"]
[WhiteElo "1093"]
[BlackElo "2860"]

1. e4 c5 2. d3 e6 3. Nf3 Nc6 4. Ng5 d5 5. Qf3 Nf6 6. g3 h6 7. Nh3 e5 8. Qe2 Nd4
9. Qd2 Nf3+ 10. Kd1 Nxd2 11. Bxd2 dxe4 12. dxe4 Bg4+ 13. Ke1 Nxe4 14. Ng1 Qd4
15. Be3 Qd1# 0-1

[Event "Challenge"]
[Site "http://www.queenalice.com/game.php?id=1237329"]
[Date "2013.12.3"]
[Round "-"]
[White "hba111"]
[Black "marllonz"]
[Result "1-0"]
[WhiteElo "2892"]
[BlackElo "1093"]

1. e4 e6 2. d4 d5 3. e5 Qe7 4. Nf3 Qb4+ 5. c3 Qe7 6. c4 f6 7. Nc3 h5 8. cxd5 Qb4
9. Qc2 Qe7 10. dxe6 Qxe6 11. d5 Qe7 12. Bb5+ Kd8 13. O-O g6 14. d6 1-0

[Event "Challenge 3"]
[Site "http://www.queenalice.com/game.php?id=1246075"]
[Date "2014.1.7"]
[Round "-"]
[White "marllonz"]
[Black "Rider"]
[Result "0-1"]
[WhiteElo "1137"]
[BlackElo "1640"]

1. e4 e5 2. Qh5 Qf6 3. b3 Bc5 4. Nh3 g6 5. Qf3 Qxf3 6. gxf3 Nc6 7. Bb2 f6 8. Nc3
Nge7 9. Rg1 Nd4 10. O-O-O Nxf3 11. Rg2 d6 12. Nb5 Bb6 13. Ng1 Ng5 14. Kb1 Nxe4
15. Re1 Nxd2+ 16. Kc1 Nxf1 17. Rxf1 c6 18. Nxd6+ Kf8 19. Ne2 Rb8 20. f4 Bh3 21.
fxe5 Nd5 22. Nf4 Bxg2 23. Nxg2 Ke7 24. Nc4 Rhd8 25. exf6+ Kf7 26. Nd2 Re8 27.
Kd1 Be3 28. Nc4 Bc5 29. Nh4 b5 30. Ne5+ Ke6 31. Nxc6 Rbc8 32. Nxa7 Bxa7 33. f7
Rf8 34. Re1+ Kxf7 35. Re5 Rcd8 36. Kc1 Rfe8 37. Nf3 Rxe5 38. Nxe5+ Ke6 39. Nc6
Rd7 40. c4 Be3+ 41. Kc2 bxc4 42. bxc4 Nb6 43. Nb8 Rd2+ 44. Kb3 Rxh2 45. a4 Rh3
46. Kb4 Bd2+ 47. Kb5 Rb3+ 48. Kc5 Rxb2 49. Nc6 Nd7+ 50. Kd4 Rb6 51. Kd3 Bg5 52.
Nd8+ Bxd8 53. a5 Rd6+ 54. Kc3 Bxa5+ 55. Kb3 Rd3+ 56. Ka4 Bd2 57. Kb5 Rb3+ 58.
Kc6 Rb6+ 59. Kc7 Ba5 60. c5 Rd6+ 61. Kc8 Rc6+ 62. Kb7 Rxc5 63. Ka6 Nb8+ 64. Kb7
Nd7 65. Ka8 Ne5 66. Kb8 Kd6 67. Kb7 Rc6 68. Ka8 Rb6 69. Ka7 Kc7 70. Ka8 Ra6# 0-1

[Event "Tamo de volta"]
[Site "http://www.queenalice.com/game.php?id=1253076"]
[Date "2014.2.1"]
[Round "-"]
[White "SALES"]
[Black "marllonz"]
[Result "0-1"]
[WhiteElo "1421"]
[BlackElo "1169"]

1. d4 g6 2. Nf3 Nf6 3. Nc3 Bg7 4. e4 O-O 5. e5 Ng4 6. h3 Nh6 7. Bc4 Kh8 8. Ng5
e6 9. Qf3 f6 10. Qf4 fxg5 11. Qxg5 Nc6 12. Qxd8 Rxd8 13. Nb5 a6 14. Nxc7 Rb8 15.
Bf4 Nxd4 16. O-O-O Nhf5 17. g4 d5 18. Bd3 Nh4 19. c3 Ndf3 20. Bg3 g5 21. Be2
Nxe5 22. f4 Neg6 23. fxg5 Bd7 24. Rhe1 Rbc8 25. Bd3 e5 26. Nxd5 Nf3 27. Rf1 Nxg5
28. Bh4 Nxh4 29. c4 Rc5 30. Ne3 Be6 31. b3 Rdc8 32. b4 R5c6 33. Kb1 Bf8 34. c5
Be7 35. Nc2 Nxh3 36. Ne3 Nf4 37. Be4 R6c7 38. a4 Ne2 39. Kc2 Rb8 40. Rf2 Nd4+
41. Kc3 b6 42. Kd3 bxc5 43. Rg1 Rxb4 44. g5 Rb3+ 45. Kd2 Rb2+ 46. Nc2 Rc8 47.
Ke1 Rb1+ 48. Kd2 Rxg1 49. Ne3 c4 50. Kc3 Rg3 51. Re2 Nxe2+ 52. Kd2 Nd4 53. Bb7
c3+ 54. Kd3 Rc7 55. Bxa6 c2 56. Ke4 Bd6 57. Nf1 Rg4+ 58. Kd3 c1=Q 59. a5 Rc3#
0-1

[Event "Tamo de volta"]
[Site "http://www.queenalice.com/game.php?id=1253077"]
[Date "2014.2.1"]
[Round "-"]
[White "marllonz"]
[Black "SALES"]
[Result "0-1"]
[WhiteElo "1135"]
[BlackElo "1421"]

1. e3 e5 2. Qf3 Nf6 3. b3 d5 4. Bb2 e4 5. Qf4 Bd6 6. Be5 Nc6 7. Bxd6 cxd6 8. Qg3
Nh5 9. Nc3 Nxg3 10. hxg3 d4 11. Nxe4 d5 12. Nc5 Nb4 13. Kd1 dxe3 14. fxe3 b6 15.
Nd3 Bg4+ 16. Ke1 Nxc2+ 17. Kf2 Qf6+ 18. Nf4 Nxa1 19. Rh4 h5 20. Nf3 O-O-O 21.
Ke1 g5 22. Nxh5 Bxh5 23. Ba6+ Kb8 24. Rh3 g4 25. Rxh5 Rxh5 26. Nd4 Rh1+ 27. Ke2
Qf1# 0-1